LEADER 00965nam0-22003371i-450- 001 990007882290403321 005 20050502131159.0 010 $a88-88171-65-7 035 $a000788229 035 $aFED01000788229 035 $a(Aleph)000788229FED01 035 $a000788229 100 $a20040511d--------km-y0itay50------ba 101 0 $aita 102 $aIT 105 $aa-------001yy 200 1 $aSpazi della geografia$egeografia degli spazie tra teoria e didattica$fPeris Persi 210 $aBagnaria Arsa (UD)$cEdizioni Goliardiche$d2003 215 $a223 p.$d20 cm 300 $a2 copie 610 0 $ageografia didattica$aspazi della geografia 676 $a042.001 700 1$aPersi,$bPeris$0249128 801 0$aIT$bUNINA$gRICA$2UNIMARC 901 $aBK 912 $a990007882290403321 952 $a042.001.PER$b5485$fDECGE 952 $a042.001.PER.01$b5484$fDECGE 959 $aDECGE 996 $aSpazi della geografia$9669166 997 $aUNINA LEADER 01895nam 2200493I 450 001 9910702356003321 005 20121226161236.0 035 $a(CKB)5470000002426598 035 $a(OCoLC)822966252 035 $a(EXLCZ)995470000002426598 100 $a20121226d2012 ua 0 101 0 $aeng 135 $aurcn||||||||| 181 $ctxt$2rdacontent 182 $cc$2rdamedia 183 $acr$2rdacarrier 200 10$aLarge Eddy Simulation of a film cooling flow injected from an inclined discrete cylindrical hole into a crossflow with zero-pressure gradient turbulent boundary layer /$fPerry L. Johnson, Vikram Shyam 210 1$aCleveland, Ohio :$cNational Aeronautics and Space Administration, Glenn Research Center,$d2012. 215 $a1 online resource (23 pages) $ccolor illustrations 225 1 $aNASA/TM ;$v2012-217695 300 $aTitle from title screen (viewed on Dec. 26, 2012). 300 $a"August 2012." 320 $aIncludes bibliographical references (pages 22-23). 606 $aLarge eddy simulation$2nasat 606 $aFilm cooling$2nasat 606 $aPressure gradients$2nasat 606 $aReynolds averaging$2nasat 606 $aTurbulent mixing$2nasat 606 $aTurbulent boundary layer$2nasat 615 7$aLarge eddy simulation. 615 7$aFilm cooling. 615 7$aPressure gradients. 615 7$aReynolds averaging. 615 7$aTurbulent mixing. 615 7$aTurbulent boundary layer. 700 $aJohnson$b Perry L$01390438 701 $aShyam$b Vikram$01390439 712 02$aNASA Glenn Research Center. 801 0$bGPO 801 1$bGPO 906 $aBOOK 912 $a9910702356003321 996 $aLarge Eddy Simulation of a film cooling flow injected from an inclined discrete cylindrical hole into a crossflow with zero-pressure gradient turbulent boundary layer$93443118 997 $aUNINA LEADER 02681oas 22010573 450 001 9910154495703321 005 20251025213014.0 011 $a2373-3357 035 $a(OCoLC)880899727 035 $a(CONSER) 2014200482 035 $a(CKB)2550000001347496 035 $a(EXLCZ)992550000001347496 100 $a20140603a20159999 uy a 101 0 $aeng 135 $aur||||||||||| 181 $ctxt$2rdacontent 182 $cc$2rdamedia 183 $acr$2rdacarrier 200 00$aNew directions for student leadership 210 1$a[San Francisco, CA] :$cJossey-Bass, A Wiley Brand,$d[2015]- 215 $a1 online resource 300 $aEach volume has a distinctive title. 311 08$a2373-3349 531 0 $aNew dir. stud. leadersh. 606 $aYouth$xMental health services$vPeriodicals 606 $aAdolescent psychology$vPeriodicals 606 $aAdolescent 606 $aAdolescent Behavior 606 $aPersonality Development 606 $aPsychology, Adolescent 606 $aAdolescent psychology$2fast$3(OCoLC)fst00797018 606 $aYouth$xMental health services$2fast$3(OCoLC)fst01183476 606 $aPsicologia de l'adolescència$2thub 608 $aPeriodical. 608 $aPeriodicals.$2fast 608 $aPeriodicals.$2lcgft 608 $aRevistes electròniques.$2thub 615 0$aYouth$xMental health services 615 0$aAdolescent psychology 615 2$aAdolescent. 615 2$aAdolescent Behavior. 615 2$aPersonality Development. 615 2$aPsychology, Adolescent. 615 7$aAdolescent psychology. 615 7$aYouth$xMental health services. 615 7$aPsicologia de l'adolescència. 676 $a155.5 801 0$bDLC 801 1$bDLC 801 2$bDLC 801 2$bDKU 801 2$bOCLCO 801 2$bOCLCF 801 2$bTXA 801 2$bDLC 801 2$bCUI 801 2$bZYU 801 2$bDLC 801 2$bCOO 801 2$bOCLCQ 801 2$bUAB 801 2$bNLE 801 2$bBUF 801 2$bREB 801 2$bOCLCO 801 2$bOCLCQ 801 2$bELW 801 2$bOCLCO 801 2$bAU@ 801 2$bOCLCO 801 2$bUKMGB 801 2$bWYU 801 2$bU3W 801 2$bOCLCO 801 2$bOCLCQ 801 2$bOCLCO 801 2$bVT2 801 2$bOCLCO 801 2$bSFB 801 2$bOCLCO 801 2$bOCLCA 801 2$bUBY 801 2$bQGK 801 2$bOCLCQ 801 2$bCUS 801 2$bOCLCQ 801 2$bOCLCL 906 $aJOURNAL 912 $a9910154495703321 996 $aNew directions for student leadership$91938651 997 $aUNINA